| 000 | 00680nam a2200217Ia 4500 | ||
|---|---|---|---|
| 008 | 140609s9999 xx 000 0 und d | ||
| 020 | _a1413002382 | ||
| 050 |
_aPE 1127.S6 _b.M478 2005 |
||
| 100 | _aMcLeod, Susan. | ||
| 245 |
_aWriting about the world / _cSusan McLeod, John Jarvis, Shelley Spear |
||
| 250 | _a3rd ed. | ||
| 260 |
_aBoston, Mass. : _bThomson/Wadsworth, _cc2005. |
||
| 300 |
_a830 p. : _bill. ; _c24 cm. |
||
| 500 | _aIncludes bibliographical references and index. | ||
| 521 | _aGE | ||
| 650 | _aCollege readers. | ||
| 650 |
_aEnglish language _xRhetoric. |
||
| 650 |
_aReport writing _xProblems, exercises, etc. |
||
| 942 |
_kFOR _cBK |
||
| 999 |
_c118176 _d118176 |
||